[Event "Online Olym Div3 E 2020"]
[Site "chess.com INT"]
[Date "2020.07.08"]
[Round "4.2"]
[Board "6"]
[White "Mariana del Carmen Navarro Valdes"]
[Black "Kaslan, Catherine"]
[Result "0-1"]
[BlackTitle "WFM"]
[WhiteElo "1290"]
[BlackElo "1872"]
[WhiteTeam "Panama"]
[BlackTeam "Suriname"]
[WhiteFideId "6608353"]
[BlackFideId "8201390"]
[EventDate "2020.07.07"]
[EventType "team"]

1. e4 c5 2. Nf3 d6 3. d4 cxd4 4. Nxd4 Nf6 5. Nc3 a6 6. Bc4 e6 7. Bb3 b5 8. a3
Be7 9. f4 O-O 10. O-O Bb7 11. Qd3 Nbd7 12. Bxe6 Nc5 13. Bxf7+ Rxf7 14. Qe3 Ncxe4
15. Nxe4 Nxe4 16. b4 Bf6 17. Bb2 Qd7 18. Rab1 Re8 19. Qd3 d5 20. Ne2 Bxb2 21.
Rxb2 Nd6 22. Ng3 Nc4 23. Rbb1 Nd6 24. Ne2 Ne4 25. Ng3 Nxg3 26. Qxg3 Qf5 27. Rf2
d4 28. Rbf1 Be4 29. c3 d3 30. Rd2 Rfe7 31. Rfd1 Qf6 32. Rxd3 Bxd3 33. Rxd3 Re1+
34. Kf2 Qb6+ 35. Kf3 R1e3+ 36. Rxe3 Rxe3+ 37. Kf2 Rxc3+ 38. Ke2 Rxg3 39. hxg3
Qe6+ 40. Kf3 Qb3+ 41. Kg4 Qxa3 42. f5 Qxb4+ 43. Kg5 Qe7+ 44. Kf4 g5+ 45. fxg6
hxg6 46. g4 Qf6+ 47. Kg3 b4 48. Kh3 b3 49. Kh2 b2 50. g3 b1=Q 51. Kg2 Qc2+ 52.
Kh3 Qh8# 0-1

[Event "Online Olym Div3 E 2020"]
[Site "chess.com INT"]
[Date "2020.07.08"]
[Round "4.3"]
[Board "1"]
[White "Arias, Lemnys A."]
[Black "Ortiz, Marcos"]
[Result "1/2-1/2"]
[WhiteTitle "IM"]
[WhiteElo "2303"]
[BlackElo "2191"]
[WhiteTeam "El Salvador"]
[BlackTeam "Nicaragua"]
[WhiteFideId "6700284"]
[BlackFideId "6100678"]
[EventDate "2020.07.07"]
[EventType "team"]

1. d4 Nf6 2. Nf3 e6 3. c4 Bb4+ 4. Bd2 Qe7 5. g3 Nc6 6. Bg2 Bxd2+ 7. Nbxd2 O-O 8.
O-O d6 9. e4 e5 10. d5 Nb8 11. Ne1 a5 12. Nd3 Na6 13. a3 Bd7 14. b4 c6 15. Re1
cxd5 16. cxd5 axb4 17. Nxb4 Nc5 18. Nc4 Bb5 19. Nb6 Ra5 20. Qc2 Nfd7 21. Nxd7
Qxd7 22. Re3 Rfa8 23. Rc3 g6 24. h4 h5 25. Kh2 Ra4 26. Qc1 Kg7 27. Rb1 R4a5 28.
Qe3 b6 29. Bf1 Bxf1 30. Rxf1 Ra4 31. f3 Qa7 32. Nc6 Qa6 33. Rb1 Rxa3 34. Rxa3
Qxa3 35. Qxa3 Rxa3 36. Kg2 Ra2+ 37. Kg1 Ra3 38. Kg2 Ra2+ 39. Kg1 Ra3 40. Kg2 1/2-1/2

[Event "Online Olym Div3 E 2020"]
[Site "chess.com INT"]
[Date "2020.07.08"]
[Round "4.3"]
[Board "2"]
[White "Espinoza, Jose"]
[Black "Arias, Daniel"]
[Result "0-1"]
[BlackTitle "FM"]
[WhiteElo "2098"]
[BlackElo "2285"]
[WhiteTeam "Nicaragua"]
[BlackTeam "El Salvador"]
[WhiteFideId "6100511"]
[BlackFideId "6700640"]
[EventDate "2020.07.07"]
[EventType "team"]

1. e4 c5 2. Nf3 d6 3. d4 cxd4 4. Nxd4 Nf6 5. Nc3 a6 6. Bg5 e6 7. f4 h6 8. Bh4
Qb6 9. Qd2 Qxb2 10. Rb1 Qa3 11. Be2 Qa5 12. O-O Be7 13. Kh1 Nxe4 14. Nxe4 Qxd2
15. Nxd2 Bxh4 16. Nc4 Ke7 17. Nb6 Ra7 18. Bf3 Bf6 19. Rfd1 d5 20. Nb3 Nd7 21.
Na5 Nxb6 22. Rxb6 Bc3 23. Nb3 Bd7 24. f5 Rc8 25. fxe6 fxe6 26. Be2 Rc7 27. Bd3
Ra8 28. Rf1 Rf8 29. Rxf8 Kxf8 30. Nc1 Bd4 31. Rb4 Be5 32. Ne2 b5 33. Rb1 Ke7 34.
Ng1 Bf6 35. Nh3 e5 36. Bg6 Be6 37. Rd1 Rc5 38. Kg1 Bxh3 39. gxh3 e4 40. Rd2 Bg5
41. Re2 Kf6 42. Be8 Ke5 43. Kf1 Rc3 44. Bd7 Ra3 45. Rg2 Rxa2 46. Ke1 Rb2 47. Bg4
a5 48. Bd1 a4 49. Ke2 a3 50. Rg3 b4 51. h4 Bf6 0-1

[Event "Online Olym Div3 E 2020"]
[Site "chess.com INT"]
[Date "2020.07.08"]
[Round "4.3"]
[Board "3"]
[White "Ortez, Andrea"]
[Black "Granados Diaz, Maria Esther"]
[Result "0-1"]
[WhiteTitle "WIM"]
[BlackTitle "WIM"]
[WhiteElo "1969"]
[BlackElo "1839"]
[WhiteTeam "El Salvador"]
[BlackTeam "Nicaragua"]
[WhiteFideId "6702392"]
[BlackFideId "6101488"]
[EventDate "2020.07.07"]
[EventType "team"]

1. e4 c5 2. c3 d5 3. exd5 Qxd5 4. d4 Nc6 5. Nf3 cxd4 6. cxd4 Nf6 7. Nc3 Qa5 8.
d5 Nb4 9. Bc4 g6 10. O-O Bg7 11. a3 Na6 12. d6 e6 13. Bg5 Bd7 14. b4 Qb6 15. Rc1
O-O 16. Bxf6 Bxf6 17. Ne4 Bg7 18. Qd3 Rac8 19. Rfd1 Rfd8 20. h4 Ba4 21. Re1 Bc6
22. Neg5 Nc7 23. Qb3 Nd5 24. Nxf7 Kxf7 25. Ng5+ Kg8 26. Nxe6 Rxd6 27. Bxd5 Rxd5
28. Nc5 Kh8 29. Re7 Bd4 0-1

[Event "Online Olym Div3 E 2020"]
[Site "chess.com INT"]
[Date "2020.07.08"]
[Round "4.3"]
[Board "4"]
[White "Ferrufino, Michelle"]
[Black "Hernandez, Bera"]
[Result "0-1"]
[BlackTitle "WCM"]
[WhiteElo "1822"]
[BlackElo "1802"]
[WhiteTeam "Nicaragua"]
[BlackTeam "El Salvador"]
[WhiteFideId "6103162"]
[BlackFideId "6700080"]
[EventDate "2020.07.07"]
[EventType "team"]

1. e4 e5 2. Nf3 Nc6 3. d4 exd4 4. Bc4 h6 5. O-O Bc5 6. c3 d3 7. Qxd3 d6 8. b4
Bb6 9. a4 a5 10. b5 Nce7 11. Rd1 Be6 12. Ba3 Nf6 13. Bxe6 fxe6 14. e5 Ng4 15.
Rf1 dxe5 16. Qe4 Nf6 17. Qxe5 Qd5 18. Bxe7 Kxe7 19. Qg3 Nh5 20. Qh4+ Nf6 21. Na3
Rhd8 22. Nc4 Bc5 23. Nce5 Kf8 24. Ng6+ Kg8 25. Nfe5 Qe4 26. Qh3 Qf5 27. Qh4 Rd5
28. Rae1 Rad8 29. Qc4 Kh7 30. Nh4 Qg5 31. Nef3 Qg4 32. Qxg4 Nxg4 33. Rxe6 Nxf2
34. Nd4 Ng4 35. h3 Nf6 36. Nf5 R8d7 37. Kh2 Nh5 38. Re4 Rf7 39. g4 Nf6 40. Ne3
Bd6+ 41. Kg2 Rd7 42. Nxd5 Nxe4 43. c4 Nc5 44. Nf5 Nxa4 45. Nxd6 cxd6 46. Ra1 Nb2
47. Rxa5 Nxc4 48. Ra7 Rf7 49. Ra8 Ne5 50. Rd8 Nc4 51. Rb8 b6 52. Nxb6 Ne3+ 53.
Kg3 Nf1+ 54. Kg2 Ne3+ 55. Kg3 d5 56. Nc8 d4 57. b6 d3 58. b7 d2 59. Nd6 Rxb7 60.
Nxb7 d1=Q 61. Nd8 Nf1+ 62. Kg2 Qe2+ 0-1

[Event "Online Olym Div3 E 2020"]
[Site "chess.com INT"]
[Date "2020.07.08"]
[Round "4.3"]
[Board "5"]
[White "Melara, Moises"]
[Black "Espinoza Solano, Jose Nahum"]
[Result "0-1"]
[WhiteTitle "FM"]
[WhiteElo "2110"]
[BlackElo "2082"]
[WhiteTeam "El Salvador"]
[BlackTeam "Nicaragua"]
[WhiteFideId "6703917"]
[BlackFideId "6104428"]
[EventDate "2020.07.07"]
[EventType "team"]

1. e4 e5 2. Bc4 Nf6 3. d3 c6 4. Nf3 d5 5. Bb3 Bd6 6. Nbd2 O-O 7. O-O h6 8. h3
Nbd7 9. Re1 Re8 10. c3 Nf8 11. d4 dxe4 12. Nxe4 Nxe4 13. Rxe4 Bf5 14. Nxe5 Bxe5
15. Rxe5 Rxe5 16. dxe5 Qe7 17. Qd6 Re8 18. Qxe7 Rxe7 19. f4 Rd7 20. Be3 b6 21.
Rd1 Rxd1+ 22. Bxd1 Ne6 23. Bf3 c5 24. g4 Bb1 25. f5 Ng5 26. Bxg5 hxg5 27. Bd5
Kf8 28. Kf2 Ke7 29. Ke3 Bc2 30. Bb3 Bb1 31. a4 Kf8 32. Bc4 a5 33. b3 Bc2 34. Bd5
Ke7 35. Kd2 Bb1 36. Ke3 Bc2 37. Bc4 Kf8 38. e6 fxe6 39. Bxe6 Ke7 40. Bd5 Kd6 41.
Bc4 Ke5 42. Kf3 Bd1+ 43. Kg3 Ke4 44. h4 gxh4+ 45. Kxh4 Kf4 46. g5 Kxf5 47. Bf7
Kf4 48. g6 Bg4 49. Bc4 Bf5 50. Kh5 Bc2 51. Bf7 Ke3 52. Kg5 Kd2 0-1

[Event "Online Olym Div3 E 2020"]
[Site "chess.com INT"]
[Date "2020.07.08"]
[Round "4.3"]
[Board "6"]
[White "Munoz Cortez, Anahi Alexandra"]
[Black "Garcia, Angie"]
[Result "0-1"]
[BlackTitle "WFM"]
[WhiteElo "1284"]
[BlackElo "1802"]
[WhiteTeam "Nicaragua"]
[BlackTeam "El Salvador"]
[WhiteFideId "6109527"]
[BlackFideId "6702503"]
[EventDate "2020.07.07"]
[EventType "team"]

1. e4 e6 2. d4 d5 3. exd5 exd5 4. Bd3 Bd6 5. Nc3 Nf6 6. Nf3 O-O 7. O-O h6 8. h3
Nbd7 9. Be3 Re8 10. Qd2 Ne4 11. Bxe4 dxe4 12. Nh2 Nf8 13. Rfe1 Qf6 14. Qe2 Qg6
15. Ng4 h5 16. Nh2 Bxh3 17. g3 h4 18. Nf1 hxg3 19. Nxg3 Bxg3 20. fxg3 Qxg3+ 21.
Kh1 Bg4 22. Qh2 Bf3+ 23. Qg2 Qxg2# 0-1

[Event "Online Olym Div3 E 2020"]
[Site "chess.com INT"]
[Date "2020.07.08"]
[Round "4.4"]
[Board "1"]
[White "Capo Vidal, Uriel"]
[Black "Gavarrete, Nahun"]
[Result "1/2-1/2"]
[WhiteTitle "IM"]
[BlackTitle "FM"]
[WhiteElo "2334"]
[BlackElo "2359"]
[WhiteTeam "Mexico"]
[BlackTeam "Honduras"]
[WhiteFideId "5105382"]
[BlackFideId "8400709"]
[EventDate "2020.07.07"]
[EventType "team"]

1. d4 Nf6 2. c4 g6 3. Nc3 d5 4. Nf3 Bg7 5. Bg5 O-O 6. e3 c5 7. Bxf6 Bxf6 8. Nxd5
Bg7 9. Nc3 Bg4 10. Be2 Bxf3 11. Bxf3 Nc6 12. d5 Na5 13. Be2 Qb6 14. Qc2 e6 15.
dxe6 Qxe6 16. b3 Nc6 17. Rc1 Nb4 18. Qb1 Rad8 19. a3 Nc6 20. Nd5 Ne7 21. Bf3
Nxd5 22. Bxd5 Qe7 23. O-O Rd6 24. Rcd1 Rfd8 25. Qc2 Bf6 26. Qe2 Kg7 27. g3 h5
28. h3 Ra6 29. a4 Rad6 30. Kg2 a5 31. Rd3 b6 32. f4 R6d7 33. Qd2 Rd6 34. Re1
R6d7 35. e4 Bd4 36. Rxd4 cxd4 37. Qxd4+ Kh7 38. Qxb6 Rxd5 39. cxd5 Rxd5 40. Qe3
Rd7 41. Re2 Qe6 42. Qf3 Rb7 43. Re3 Rc7 44. g4 hxg4 45. Qxg4 Rc2+ 46. Kg3 Qb6
47. Qf3 Qb4 48. f5 g5 49. Qh5+ Kg7 50. Qxg5+ Kf8 51. f6 Qd6+ 52. e5 Qd2 53. Qg7+
Ke8 54. Qg8+ Kd7 55. Qxf7+ Kc6 56. Qe8+ Kc7 57. Qe7+ Kc8 58. Qe6+ Kb7 59. Qe7+
Rc7 60. Qxc7+ Kxc7 61. Kf3 Kd7 62. e6+ Ke8 63. e7 Qd5+ 64. Ke2 Qh5+ 65. Rf3 Qe5+
66. Kf2 Kf7 67. Kg2 Qe2+ 68. Kg3 Qe5+ 69. Kg2 Qe2+ 70. Kg3 Qe5+ 71. Kg2 1/2-1/2

[Event "Online Olym Div3 E 2020"]
[Site "chess.com INT"]
[Date "2020.07.08"]
[Round "4.4"]
[Board "2"]
[White "Chinchilla, Alejandro Jose"]
[Black "Diaz Rosas, Julio Cesar"]
[Result "1-0"]
[BlackTitle "FM"]
[WhiteElo "2178"]
[BlackElo "2367"]
[WhiteTeam "Honduras"]
[BlackTeam "Mexico"]
[WhiteFideId "8401136"]
[BlackFideId "5105099"]
[EventDate "2020.07.07"]
[EventType "team"]

1. b3 Nf6 2. Bb2 g6 3. e3 Bg7 4. Nf3 O-O 5. c4 a5 6. Be2 a4 7. O-O c5 8. bxa4
Nc6 9. Nc3 d5 10. Nxd5 Nxd5 11. Bxg7 Nxe3 12. fxe3 Kxg7 13. d4 Qa5 14. d5 Nb8
15. e4 Qxa4 16. Qd2 Nd7 17. e5 Qa5 18. Qe3 Qa3 19. Qd2 b5 20. cxb5 Bb7 21. Rfd1
Rfd8 22. Qf4 Ra4 23. Qg3 Qe3+ 24. Qf2 Qxf2+ 25. Kxf2 Rda8 26. Rd2 Nb6 27. d6 e6
28. Rc2 Nd7 29. Bd1 Ra3 30. Be2 Bd5 31. b6 Nxb6 32. Rxc5 Rxa2 33. Rxa2 Rxa2 34.
Ke1 h6 35. Rc7 Ra8 36. Bb5 g5 37. h3 Kg6 38. Nd4 Ra1+ 39. Kf2 Ra2+ 40. Ke3 Ra3+
41. Ke2 Ra2+ 42. Kd1 Ra3 43. d7 Nxd7 44. Rxd7 Bxg2 45. Nc6 Bxh3 46. Ne7+ Kh5 47.
Be2+ g4 48. Ng8 Ra1+ 49. Kd2 Kg6 50. Ne7+ Kg7 51. Rd8 h5 52. Bd3 Ra7 53. Rg8+
Kh6 54. Nc6 Rc7 55. Nd4 Bg2 56. Ke3 Bd5 57. Ne2 Ra7 58. Nf4 Ra8 59. Rxa8 Bxa8
60. Ne2 Kg5 61. Nd4 h4 62. Be4 Bxe4 63. Kxe4 h3 64. Ne2 h2 65. Ng3 Kh4 66. Kf4
Kh3 67. Nh1 Kg2 68. Ng3 f6 69. exf6 e5+ 70. Kxg4 e4 71. f7 e3 72. f8=Q e2 73.
Qf3+ Kg1 74. Nxe2# 1-0

[Event "Online Olym Div3 E 2020"]
[Site "chess.com INT"]
[Date "2020.07.08"]
[Round "4.4"]
[Board "3"]
[White "Real Pereyra, Diana Carime"]
[Black "Figueroa, Any"]
[Result "1-0"]
[WhiteTitle "WIM"]
[WhiteElo "2042"]
[BlackElo "1610"]
[WhiteTeam "Mexico"]
[BlackTeam "Honduras"]
[WhiteFideId "5104106"]
[BlackFideId "8402817"]
[EventDate "2020.07.07"]
[EventType "team"]

1. e4 d5 2. exd5 Qxd5 3. Nc3 Qd6 4. Bc4 Nf6 5. Nge2 Bg4 6. d4 c6 7. f3 Bf5 8.
Bf4 Qb4 9. Bb3 e6 10. O-O Nbd7 11. Ng3 Bg6 12. Nce2 Be7 13. Kh1 O-O 14. Bd2 Qb6
15. f4 Ne4 16. Nxe4 Bxe4 17. Ng3 Qxd4 18. c3 Qd3 19. Qe1 Bd5 20. Bd1 Qb5 21. b3 1-0

[Event "Online Olym Div3 E 2020"]
[Site "chess.com INT"]
[Date "2020.07.08"]
[Round "4.4"]
[Board "4"]
[White "Torres Hernandez, Leslie Carolin"]
[Black "Guillen Cristobal, Sandra N"]
[Result "1/2-1/2"]
[WhiteTitle "WFM"]
[WhiteElo "1884"]
[BlackElo "1942"]
[WhiteTeam "Honduras"]
[BlackTeam "Mexico"]
[WhiteFideId "8400504"]
[BlackFideId "5131790"]
[EventDate "2020.07.07"]
[EventType "team"]

1. e4 c5 2. Nc3 Nc6 3. g3 g6 4. Bg2 Bg7 5. Nge2 d6 6. d3 Rb8 7. O-O e6 8. Be3 b5
9. Qd2 b4 10. Nd1 a5 11. d4 cxd4 12. Nxd4 Nge7 13. Nxc6 Nxc6 14. f4 O-O 15. e5
d5 16. Bc5 Re8 17. Re1 Bd7 18. Nf2 Rc8 19. Bd6 Qb6 20. Kh1 Ne7 21. g4 Bc6 22.
Nd3 d4 23. Bxe7 Rxe7 24. Rf1 Rec7 25. Rac1 Qb7 26. Ne1 Qb5 27. Rf2 Qb6 28. Nf3
d3 29. c3 bxc3 30. Rxc3 Bxf3 31. Rxf3 Rxc3 32. bxc3 Qb1+ 33. Rf1 Qc2 34. Rd1
Rxc3 35. Be4 Qxd2 36. Rxd2 Bf8 37. Kg2 Rc4 38. Kf3 Bb4 39. Rxd3 Rc3 40. Rxc3
Bxc3 41. h4 Be1 42. h5 Kg7 43. hxg6 fxg6 44. Bc6 Kf7 45. g5 Ke7 46. Ke4 Bd2 47.
Ba4 Bc1 48. Bb3 Bd2 49. Ba4 Bc1 50. Bb3 Bd2 51. Ba4 1/2-1/2

[Event "Online Olym Div3 E 2020"]
[Site "chess.com INT"]
[Date "2020.07.08"]
[Round "4.4"]
[Board "5"]
[White "Lima Martinez, Alejandro"]
[Black "Miller, Marlon"]
[Result "1/2-1/2"]
[BlackTitle "FM"]
[WhiteElo "2074"]
[BlackElo "2092"]
[WhiteTeam "Mexico"]
[BlackTeam "Honduras"]
[WhiteFideId "5120080"]
[BlackFideId "8400555"]
[EventDate "2020.07.07"]
[EventType "team"]

1. d4 Nf6 2. Nf3 d5 3. c4 e6 4. g3 Be7 5. Bg2 O-O 6. O-O c6 7. Qc2 b6 8. Nbd2
Ba6 9. b3 Nbd7 10. e4 Rc8 11. Re1 c5 12. exd5 exd5 13. Bb2 dxc4 14. bxc4 cxd4
15. Nxd4 Bb4 16. a3 Bxd2 17. Qxd2 Nc5 18. Qg5 h6 19. Qf5 Qd7 20. Qxd7 Nfxd7 21.
Nf5 Nd3 22. Ne7+ Kh8 23. Nxc8 Nxe1 24. Rxe1 Rxc8 25. Bh3 Rd8 26. Rd1 Bc8 27. Be5
Re8 28. Bxd7 Bxd7 29. Bxg7+ Kxg7 30. Rxd7 Rc8 31. Rxa7 Rxc4 32. Ra6 b5 33. Ra5
Rc3 34. Rxb5 Rxa3 35. Rb6 Ra4 36. Kg2 Ra3 37. f4 Ra2+ 38. Kh3 Rc2 39. g4 Rc4 40.
Kg3 Ra4 41. h3 Rc4 42. Ra6 Rb4 43. Rd6 Rc4 44. g5 hxg5 45. fxg5 Ra4 46. h4 Rc4
47. Rf6 Rc1 48. Kg4 Rg1+ 49. Kh5 Rh1 50. Rf4 Rg1 51. Ra4 Rg2 52. Rf4 Rg1 53. Rf6
Rg2 54. Rh6 Rg1 55. Rb6 Rg2 56. Rb4 Rg1 57. Rb2 Rg3 58. Rf2 Rg1 59. Rf4 Rg3 60.
Rg4 Ra3 61. Rg1 Ra4 62. Rg4 Ra1 63. Rf4 Rg1 1/2-1/2

[Event "Online Olym Div3 E 2020"]
[Site "chess.com INT"]
[Date "2020.07.08"]
[Round "4.4"]
[Board "6"]
[White "Garcia Reyes, Alejandra Nicolle"]
[Black "Mellado Reyes, Rebeca"]
[Result "1-0"]
[BlackTitle "WCM"]
[WhiteElo "1531"]
[BlackElo "1750"]
[WhiteTeam "Honduras"]
[BlackTeam "Mexico"]
[WhiteFideId "8403023"]
[BlackFideId "5132711"]
[EventDate "2020.07.07"]
[EventType "team"]

1. e4 e6 2. d4 d5 3. exd5 exd5 4. c4 c6 5. Nc3 Bb4 6. Nf3 Ne7 7. Bd3 h6 8. O-O
O-O 9. a3 Bd6 10. c5 Bc7 11. b4 Bf5 12. Be3 Nd7 13. Qd2 Nf6 14. b5 Ba5 15. bxc6
bxc6 16. Ne5 Ne4 17. Bxe4 Bxe4 18. f3 Bh7 19. f4 Qc7 20. g4 Rab8 21. Rac1 Rb3
22. f5 Rfb8 23. Bxh6 gxh6 24. Qxh6 Bxc3 25. Rxc3 Nc8 26. f6 1-0

[Event "Online Olym Div3 E 2020"]
[Site "chess.com INT"]
[Date "2020.07.08"]
[Round "4.5"]
[Board "1"]
[White "Jimenez Garcia, Emmanuel"]
[Black "Araujo Sanchez, Josue"]
[Result "0-1"]
[WhiteTitle "FM"]
[BlackTitle "IM"]
[WhiteElo "2397"]
[BlackElo "2337"]
[WhiteTeam "Costa Rica"]
[BlackTeam "Dominican Republic"]
[WhiteFideId "6504779"]
[BlackFideId "6416896"]
[EventDate "2020.07.07"]
[EventType "team"]

1. b3 d5 2. Bb2 c6 3. g3 Nf6 4. Bg2 Nbd7 5. Nf3 g6 6. c4 Bg7 7. cxd5 cxd5 8. O-O
O-O 9. Nc3 a6 10. Rc1 b5 11. a4 b4 12. Na2 a5 13. Nd4 Bb7 14. Nc6 Qe8 15. d4 e6
16. Rc2 Ra6 17. Ne5 Nxe5 18. dxe5 Nd7 19. Rc7 Bc6 20. e4 dxe4 21. Qe2 Qa8 22.
Rc1 Nxe5 23. R1xc6 Rxc6 24. Bxe4 Qa6 25. Qxa6 Rxa6 26. Nc1 Rd6 27. Ra7 Nf3+ 28.
Bxf3 Bxb2 29. Ne2 Rd3 30. Kg2 Rxb3 31. Rxa5 Rb8 32. Rc5 Ra3 33. a5 b3 34. Nf4
Bd4 35. Rc1 b2 36. Rb1 Rxa5 37. Ne2 Be5 38. Be4 f5 39. Bd3 Rd8 40. Bc4 Ra1 0-1

[Event "Online Olym Div3 E 2020"]
[Site "chess.com INT"]
[Date "2020.07.08"]
[Round "4.5"]
[Board "2"]
[White "Polanco Nunez, Yoel Estarling"]
[Black "Minero Pineda, Sergio"]
[Result "0-1"]
[WhiteTitle "CM"]
[BlackTitle "IM"]
[WhiteElo "2196"]
[BlackElo "2365"]
[WhiteTeam "Dominican Republic"]
[BlackTeam "Costa Rica"]
[WhiteFideId "6401783"]
[BlackFideId "6500374"]
[EventDate "2020.07.07"]
[EventType "team"]

1. d4 Nf6 2. c4 e6 3. Nc3 Bb4 4. e3 O-O 5. Ne2 c6 6. a3 Ba5 7. b4 Bc7 8. Bb2 d5
9. cxd5 exd5 10. Ng3 Re8 11. Bd3 Nbd7 12. Nf5 Nf8 13. g4 a5 14. b5 Ng6 15. Kf1
Ne4 16. h4 Ne7 17. Nxe4 dxe4 18. Bxe4 Nxf5 19. Bxf5 Bxf5 20. gxf5 Qd5 21. Kg1
Qxf5 22. bxc6 bxc6 23. Rc1 Re4 24. Rxc6 Rg4+ 25. Kf1 Qb5+ 26. Qe2 Qxc6 0-1

[Event "Online Olym Div3 E 2020"]
[Site "chess.com INT"]
[Date "2020.07.08"]
[Round "4.5"]
[Board "3"]
[White "Hernandez Alvarez, Tania Regla"]
[Black "Diaz Cesar, Wilsaida Pieranlly"]
[Result "1-0"]
[WhiteTitle "WIM"]
[BlackTitle "WFM"]
[WhiteElo "2041"]
[BlackElo "1867"]
[WhiteTeam "Costa Rica"]
[BlackTeam "Dominican Republic"]
[WhiteFideId "3501442"]
[BlackFideId "6403557"]
[EventDate "2020.07.07"]
[EventType "team"]

1. e4 e5 2. Bc4 Nf6 3. d3 Be7 4. Nf3 d6 5. h3 Nc6 6. c3 a6 7. a4 O-O 8. O-O h6
9. Re1 Re8 10. Nbd2 Bf8 11. Nf1 Ne7 12. Qb3 Be6 13. Bxe6 fxe6 14. Qxe6+ Kh7 15.
Nh4 Qd7 16. Qf7 d5 17. Ng3 dxe4 18. dxe4 Rad8 19. Ngf5 Nxf5 20. Qg6+ Kh8 21.
Nxf5 Re6 22. Qg3 Qd3 23. Qh4 Rd7 24. Bg5 Kg8 25. Nxh6+ gxh6 26. Bxf6 Rxf6 27.
Qxf6 Bg7 28. Qe6+ Rf7 29. Rad1 Qc2 30. Rd8+ Bf8 31. Rf1 Qxe4 32. Rd7 Qf5 33.
Qxf5 Rxf5 34. Rxc7 Rf4 35. b4 a5 36. Rxb7 axb4 37. cxb4 Bxb4 38. Rc1 Bf8 39. Rc8
Rxa4 40. Rbb8 Rf4 41. g3 Rf7 42. Kg2 Kg7 43. h4 Bd6 44. Rg8+ Kf6 45. Rb6 Ke6 46.
Rg6+ 1-0

[Event "Online Olym Div3 E 2020"]
[Site "chess.com INT"]
[Date "2020.07.08"]
[Round "4.5"]
[Board "4"]
[White "Gonzalez Peguero, Mary Loly"]
[Black "Castillo Morales, Thais"]
[Result "0-1"]
[BlackTitle "WIM"]
[WhiteElo "1697"]
[BlackElo "1846"]
[WhiteTeam "Dominican Republic"]
[BlackTeam "Costa Rica"]
[WhiteFideId "6421482"]
[BlackFideId "6507395"]
[EventDate "2020.07.07"]
[EventType "team"]

1. Nf3 e6 2. d3 d5 3. g3 c5 4. Bg2 Bd6 5. O-O Ne7 6. e4 Nbc6 7. Nbd2 O-O 8. Re1
Qc7 9. Nf1 d4 10. Qe2 f6 11. a4 Rb8 12. N1d2 e5 13. Nc4 Be6 14. Nxd6 Qxd6 15.
Nh4 a6 16. f4 b5 17. f5 Bf7 18. g4 c4 19. g5 cxd3 20. cxd3 Nb4 21. Bf3 Bb3 22.
g6 h6 23. Bxh6 gxh6 24. Qd2 Kg7 25. Rac1 Rbc8 26. axb5 axb5 27. Rxc8 Rxc8 28.
Rc1 Rxc1+ 29. Qxc1 Nxd3 30. Qd2 Nb4 31. Bd1 Bxd1 32. Qxd1 d3 33. Qb3 Qd4+ 34.
Kf1 Qc4 35. Qa3 d2+ 0-1

[Event "Online Olym Div3 E 2020"]
[Site "chess.com INT"]
[Date "2020.07.08"]
[Round "4.5"]
[Board "5"]
[White "Quesada Leon, Joshua"]
[Black "Pacheco Marte, Sergio Andres"]
[Result "1/2-1/2"]
[WhiteElo "1839"]
[BlackElo "1865"]
[WhiteTeam "Costa Rica"]
[BlackTeam "Dominican Republic"]
[WhiteFideId "6513166"]
[BlackFideId "6421644"]
[EventDate "2020.07.07"]
[EventType "team"]

1. e4 c5 2. Nf3 Nc6 3. d3 g6 4. g3 Bg7 5. Bg2 d6 6. O-O e5 7. c3 Nge7 8. a3 O-O
9. Re1 h6 10. b4 a6 11. Nbd2 Be6 12. Nc4 b5 13. Ne3 Qd7 14. Bb2 Rac8 15. d4 cxd4
16. cxd4 Nxd4 17. Nxd4 exd4 18. Bxd4 Bxd4 19. Qxd4 Nc6 20. Qf6 Qe7 21. Qxe7 Nxe7
22. Rac1 Bb3 23. f4 Kg7 24. Bh3 Be6 25. f5 gxf5 26. exf5 Rxc1 27. Rxc1 Bc8 28.
g4 Kf6 29. Kf2 Rd8 30. Bg2 d5 31. Rc5 d4 32. Nd5+ Nxd5 33. Bxd5 d3 34. Bf3 h5
35. h3 hxg4 36. hxg4 Rd6 37. Ke1 Bd7 38. Kd2 Kg5 39. Re5 Kf4 40. Re3 Bc6 41. Bd1
Be4 42. Rh3 Rc6 43. Rh7 f6 44. Rf7 Kg5 45. Rg7+ Kf4 46. Rg6 Ke5 47. Rh6 Rd6 48.
Rh5 Rc6 49. Rh8 1/2-1/2

[Event "Online Olym Div3 E 2020"]
[Site "chess.com INT"]
[Date "2020.07.08"]
[Round "4.5"]
[Board "6"]
[White "Ramirez Luzon, Franchesca"]
[Black "Diaz Charpentier, Kristel Meliss"]
[Result "1/2-1/2"]
[WhiteElo "1771"]
[BlackElo "1898"]
[WhiteTeam "Dominican Republic"]
[BlackTeam "Costa Rica"]
[WhiteFideId "6421792"]
[BlackFideId "6511708"]
[EventDate "2020.07.07"]
[EventType "team"]

1. e4 e5 2. Nf3 Nc6 3. Bc4 Nf6 4. d3 Bc5 5. O-O d6 6. a4 a5 7. c3 O-O 8. Nbd2 h6
9. h3 Ba7 10. Bb5 Ne7 11. d4 Ng6 12. Re1 c6 13. Bf1 Qc7 14. Nc4 Be6 15. Qc2 Nh5
16. Ne3 Rad8 17. Nf5 Nhf4 18. g3 Nh5 19. Be3 d5 20. dxe5 Bxe3 21. Rxe3 dxe4 22.
Qxe4 Qd7 23. N3d4 c5 24. Nxe6 fxe6 25. Nd6 Ne7 26. Qg4 g6 27. Bc4 Ng7 28. Rd1
Qc6 29. Bb5 Qc7 30. Ree1 Kh7 31. b3 Nef5 32. Rd2 Nxd6 33. exd6 Rxd6 34. Rxd6
Qxd6 35. Rd1 Qe5 36. Bd3 Rf6 37. c4 h5 38. Qe2 Qd4 39. Bc2 Qc3 40. Rd7 Qa1+ 41.
Kg2 Qc3 42. Qxh5+ Kg8 43. Rd8+ Kf7 44. Qh8 Rxf2+ 45. Kxf2 Qxc2+ 46. Kg1 Qc1+ 47.
Kg2 Qb2+ 48. Kf1 Qb1+ 49. Ke2 Qe4+ 50. Kf1 Qf3+ 51. Kg1 Qxg3+ 52. Kh1 Qe1+ 53.
Kh2 Qe5+ 54. Kh1 Qe4+ 55. Kh2 Qf4+ 56. Kh1 Qf1+ 57. Kh2 Qf2+ 58. Kh1 Qf1+ 59.
Kh2 Qf2+ 60. Kh1 Qf1+ 1/2-1/2